[Event "Roquetas de Mar op 30th"]
[Site "Roquetas de Mar"]
[Date "2019.01.04"]
[Round "5"]
[White "Radnai, Adam"]
[Black "Tejedor Fuente, Enrique"]
[Result "0-1"]
[WhiteElo "2266"]
[BlackElo "2428"]
[PlyCount "126"]
[EventDate "2019.01.02"]
[EventType "swiss"]
[EventRounds "9"]
[EventCountry "ESP"]
[SourceTitle "CBM 188 Extra"]
[Source "ChessBase"]
[SourceDate "2019.02.26"]
[SourceVersion "1"]
[SourceVersionDate "2019.02.26"]
[SourceQuality "1"]

1. d4 e6 2. Bf4 b6 3. e4 Bb7 4. Bd3 Nf6 5. Qe2 d5 6. e5 Nfd7 7. Nf3 c5 8. c3 Nc6 9. a3 Be7 10. h4 Qc7 11. b4 f5 12. Nbd2 c4 13. Bc2 0-0-0 14. Ng5 Nf8 15. Nxe6 Nxe6 16. Bxf5 Qd7 17. b5 Na5 18. Qg4 h5 19. Qg6 Nxf4 20. Bxd7+ Kxd7 21. Qf5+ Ne6 22. Qh3 Bc8 23. f4 Kc7 24. Qg3 Rdf8 25. 0-0 Rf5 26. Qh2 Rh6 27. Rf3 Rg6 28. Nf1 Nb3 29. Ne3 Nexd4 30. cxd4 Nxa1 31. Nxd5+ Kd8 32. Rc3 Nb3 33. Rxc4 Be6 34. Nxe7 Kxe7 35. Rc7+ Kf8 36. Qh3 Rxf4 37. Rc8+ Kf7 38. Qc3 Bxc8 39. e6+ Bxe6 40. Qc7+ Kg8 41. Qxf4 Bd5 42. g3 Rg4 43. Qe5 Bf7 44. Qb8+ Kh7 45. Qxa7 Rxg3+ 46. Kh2 Rf3 47. Qxb6 Bd5 48. Qd6 Rf5 49. Qg3 Nd2 50. Qd3 Ne4 51. b6 Rf2+ 52. Kg1 Rb2 53. Qf3 Nf6 54. Qf5+ Kh6 55. Qg5+ Kh7 56. Qf5+ Kg8 57. Qc8+ Kf7 58. a4 Ng4 59. Qd7+ Kg6 60. Qe8+ Kf5 61. Kf1 Nh2+ 62. Ke1 Nf3+ 63. Kd1 Bb3+ 0-1

[Event "HUN-chT2 Charousek 1718"]
[Site "Hungary"]
[Date "2018.01.28"]
[Round "5.5"]
[White "Radnai, Adam"]
[Black "Molnar, Erno"]
[Result "0-1"]
[WhiteElo "2266"]
[BlackElo "2264"]
[PlyCount "42"]
[EventDate "2017.10.29"]
[EventType "team-tourn"]
[EventRounds "9"]
[EventCountry "HUN"]
[SourceTitle "EXT 2021"]
[Source "ChessBase"]
[SourceDate "2020.10.23"]
[SourceVersion "1"]
[SourceVersionDate "2020.10.23"]
[SourceQuality "1"]
[WhiteTeam "Szentgotthard Alsoszolnok"]
[BlackTeam "Gyor Szechenyi"]
[WhiteTeamCountry "HUN"]
[BlackTeamCountry "HUN"]

1. Nf3 Nf6 2. d4 g6 3. Bf4 Bg7 4. e3 c5 5. c3 b6 6. a4 a6 7. Nbd2 d6 8. Nc4 Nbd7 9. dxc5 Nxc5 10. a5 b5 11. Nb6 Rb8 12. Nxc8 Qxc8 13. Be2 b4 14. 0-0 bxc3 15. bxc3 Nfe4 16. Ra3 Nxc3 17. Qc2 Nxe2+ 18. Qxe2 0-0 19. Bg5 Rb2 20. Qc4 Qb7 21. Nd4 Ne4 0-1

[Event "EU-ch blitz"]
[Site "Katowice"]
[Date "2017.12.15"]
[Round "20"]
[White "Alekseev, Evgeny V"]
[Black "Radnai, Adam"]
[Result "1-0"]
[WhiteElo "2616"]
[BlackElo "2266"]
[PlyCount "111"]
[EventDate "2017.12.15"]
[EventType "swiss (blitz)"]
[EventRounds "22"]
[EventCountry "POL"]
[SourceTitle "CBM 182 Extra"]
[Source "ChessBase"]
[SourceDate "2018.02.23"]
[SourceVersion "1"]
[SourceVersionDate "2018.02.23"]
[SourceQuality "1"]

1. e4 c5 2. Nf3 Nc6 3. d4 cxd4 4. Nxd4 Nf6 5. Nc3 e5 6. Ndb5 d6 7. Bg5 a6 8. Na3 b5 9. Nd5 Qa5+ 10. Bd2 Qd8 11. Nxf6+ Qxf6 12. Bd3 Qg6 13. 0-0 Bh3 14. Qf3 Bg4 15. Qg3 Be7 16. c4 b4 17. Nc2 a5 18. Ne3 Be6 19. Nd5 0-0 20. Qxg6 hxg6 21. Rfc1 Rab8 22. b3 Rfc8 23. Be3 f5 24. g3 Kf7 25. Kg2 Bd8 26. h4 Nd4 27. Bxd4 exd4 28. Nf4 Bf6 29. Nxe6 Kxe6 30. exf5+ gxf5 31. Re1+ Kf7 32. Bxf5 Re8 33. Bd3 Re5 34. Rxe5 Bxe5 35. f4 Bf6 36. Re1 Rd8 37. Kf3 Kf8 38. h5 d5 39. cxd5 Rxd5 40. g4 Rd8 41. g5 Be7 42. Re6 Rc8 43. Bc4 a4 44. Ke4 axb3 45. axb3 Bc5 46. h6 gxh6 47. Rxh6 Kg7 48. Re6 Rh8 49. Rc6 Be7 50. Rc7 Kf8 51. Kf5 Bd6 52. Rd7 Bb8 53. Kg6 Ke8 54. Rxd4 Rf8 55. f5 Be5 56. Re4 1-0

[Event "HUN-chT2 Charousek 1718"]
[Site "Hungary"]
[Date "2017.12.03"]
[Round "3.6"]
[White "Pasztor, Ferenc1111"]
[Black "Radnai, Adam"]
[Result "1/2-1/2"]
[WhiteElo "2208"]
[BlackElo "2266"]
[PlyCount "64"]
[EventDate "2017.10.29"]
[EventType "team-tourn"]
[EventRounds "9"]
[EventCountry "HUN"]
[SourceTitle "EXT 2020"]
[Source "ChessBase"]
[SourceDate "2019.10.17"]
[SourceVersion "1"]
[SourceVersionDate "2019.10.17"]
[SourceQuality "1"]
[WhiteTeam "Tapolca Rockwool"]
[BlackTeam "Szentgotthard Alsoszolnok"]
[WhiteTeamCountry "HUN"]
[BlackTeamCountry "HUN"]

1. d4 Nf6 2. c4 g6 3. Nc3 Bg7 4. e4 d6 5. Be2 0-0 6. Be3 c5 7. d5 e6 8. Nf3 exd5 9. exd5 Ng4 10. Bd2 f5 11. h3 Ne5 12. Nxe5 Bxe5 13. Bh6 Re8 14. Qd2 Bf6 15. Kf1 Nd7 16. f4 a6 17. g3 Qe7 18. Rg1 Bd4 19. Rg2 Nf6 20. Re1 Ne4 21. Nxe4 Qxe4 22. Bd1 Qxe1+ 23. Qxe1 Rxe1+ 24. Kxe1 Bd7 25. Re2 Bf6 26. h4 b5 27. b3 bxc4 28. bxc4 Rb8 29. Bg5 Kf7 30. Bxf6 Kxf6 31. Re3 a5 32. a3 h5 1/2-1/2

[Event "Krakow op-A 27th"]
[Site "Krakow"]
[Date "2016.12.31"]
[Round "6"]
[White "Radnai, Adam"]
[Black "Nowicki, Bartosz"]
[Result "0-1"]
[WhiteElo "2285"]
[BlackElo "2171"]
[PlyCount "68"]
[EventDate "2016.12.27"]
[EventType "swiss"]
[EventRounds "9"]
[EventCountry "POL"]
[SourceTitle "CBM 176 Extra"]
[Source "ChessBase"]
[SourceDate "2017.03.02"]
[SourceVersion "1"]
[SourceVersionDate "2017.03.02"]
[SourceQuality "1"]

1. Nf3 f5 2. d3 d6 3. e4 e5 4. Be2 Nf6 5. Nbd2 Be7 6. c3 Nc6 7. 0-0 d5 8. exd5 Qxd5 9. Re1 Bd7 10. d4 e4 11. Ng5 Qg8 12. Bc4 Nd5 13. Ngxe4 0-0-0 14. Ng3 f4 15. Nge4 g5 16. b4 Be6 17. Bb2 h5 18. a3 Rh6 19. Ba2 Bg4 20. Qc2 f3 21. b5 Nb8 22. Ng3 Qf7 23. gxf3 Be6 24. Bxd5 Rxd5 25. c4 Rd8 26. d5 Bh3 27. Qe4 Bd6 28. Qd4 Bf4 29. Nge4 g4 30. fxg4 Rg8 31. g5 Bxd2 32. Nxd2 Rxg5+ 33. Kh1 Bg2+ 34. Kg1 Bf3+ 0-1

[Event "Krakow op-A 27th"]
[Site "Krakow"]
[Date "2016.12.29"]
[Round "4"]
[White "Radnai, Adam"]
[Black "Diermair, Andreas"]
[Result "0-1"]
[WhiteElo "2285"]
[BlackElo "2469"]
[PlyCount "66"]
[EventDate "2016.12.27"]
[EventType "swiss"]
[EventRounds "9"]
[EventCountry "POL"]
[SourceTitle "CBM 176 Extra"]
[Source "ChessBase"]
[SourceDate "2017.03.02"]
[SourceVersion "1"]
[SourceVersionDate "2017.03.02"]
[SourceQuality "1"]

1. e4 e6 2. d4 d5 3. Nd2 Nc6 4. Ngf3 Nf6 5. e5 Nd7 6. Nb3 Be7 7. c3 a5 8. a4 f6 9. Bb5 0-0 10. Qe2 fxe5 11. dxe5 Qe8 12. Nbd4 Nc5 13. Qe3 Bd7 14. 0-0 Nxd4 15. Nxd4 Bxb5 16. axb5 a4 17. Qh3 Qd7 18. Rb1 Rf7 19. f4 g6 20. Be3 Bf8 21. Qg4 Re8 22. Ra1 c6 23. Qe2 Ra8 24. Ra2 Ne4 25. Rfa1 a3 26. bxc6 bxc6 27. Qe1 c5 28. Nf3 Qb5 29. Rxa3 Rxa3 30. Rxa3 Qxb2 31. Ra8 Kg7 32. Ra6 Rb7 33. Qa1 Qe2 0-1

[Event "Corund Ceramica op 2nd"]
[Site "Corund"]
[Date "2016.09.14"]
[Round "1"]
[White "Radnai, Adam"]
[Black "Pop, Ioan1111"]
[Result "1-0"]
[WhiteElo "2322"]
[BlackElo "1754"]
[PlyCount "73"]
[EventDate "2016.09.14"]
[EventType "swiss"]
[EventRounds "7"]
[EventCountry "ROU"]
[SourceTitle "CBM 174 Extra"]
[Source "ChessBase"]
[SourceDate "2016.10.10"]
[SourceVersion "1"]
[SourceVersionDate "2016.10.10"]
[SourceQuality "1"]

1. Nf3 Nf6 2. c4 c5 3. Nc3 Nc6 4. g3 g6 5. d4 cxd4 6. Nxd4 Bg7 7. Bg2 Qb6 8. Nc2 Ng4 9. 0-0 0-0 10. Nd5 Qc5 11. h3 Nf6 12. Be3 Qa5 13. b4 Qd8 14. Rc1 e6 15. Nxf6+ Bxf6 16. Qd2 Ne7 17. Bc5 Re8 18. e4 e5 19. f4 b6 20. Bd6 Nc6 21. b5 Na5 22. Ne3 Bg7 23. Nd5 Re6 24. fxe5 Bxe5 25. Bxe5 Rxe5 26. Qf4 d6 27. Qxf7+ Kh8 28. Qf8+ Qxf8 29. Rxf8+ Kg7 30. Rcf1 Bb7 31. R1f7+ Kh6 32. Rxa8 Bxa8 33. Nf6 g5 34. Ng4+ Kg6 35. Nxe5+ dxe5 36. Rxa7 Bb7 37. c5 1-0

[Event "Budapest FS05 IM"]
[Site "Budapest"]
[Date "2016.05.17"]
[Round "9"]
[White "Radnai, Adam"]
[Black "Paramzina, Anastasya"]
[Result "0-1"]
[WhiteElo "2288"]
[BlackElo "2125"]
[PlyCount "94"]
[EventDate "2016.05.07"]
[EventType "tourn"]
[EventRounds "9"]
[EventCountry "HUN"]
[EventCategory "1"]
[SourceTitle "CBM 172 Extra"]
[Source "ChessBase"]
[SourceDate "2016.06.21"]
[SourceVersion "1"]
[SourceVersionDate "2016.06.21"]
[SourceQuality "1"]

1. c4 e6 2. g3 d5 3. Bg2 Nf6 4. Nf3 dxc4 5. Qa4+ Nbd7 6. Qxc4 c5 7. Nc3 a6 8. Qb3 Rb8 9. d3 Bd6 10. a4 b6 11. 0-0 Bb7 12. Rd1 Qc7 13. Qc2 0-0 14. e4 Bc6 15. d4 cxd4 16. Nxd4 Bb7 17. Qe2 Bc5 18. Be3 Ne5 19. h3 Rfd8 20. Rac1 Qe7 21. f4 Nc6 22. Nc2 Nb4 23. Nd4 h6 24. Qf2 Rd7 25. a5 Bxd4 26. Bxd4 bxa5 27. e5 Nfd5 28. Ne4 Bc6 29. g4 Bb5 30. Nc5 Rdd8 31. b3 Rbc8 32. h4 Nc6 33. Bb2 Ndb4 34. Be4 Rxd1+ 35. Rxd1 Nd8 36. Rd6 Bc6 37. Bb1 Nb7 38. Nxb7 Qxb7 39. f5 Be4 40. fxe6 fxe6 41. Rb6 Qa8 42. Qd4 Bxb1 43. Qd7 Rd8 44. Qxe6+ Kh7 45. Rd6 Rxd6 46. exd6 Qf3 47. Qe5 Qxg4+ 0-1

[Event "Budapest FS05 IM"]
[Site "Budapest"]
[Date "2016.05.13"]
[Round "6"]
[White "Szalanczy, Emil"]
[Black "Radnai, Adam"]
[Result "0-1"]
[WhiteElo "2218"]
[BlackElo "2288"]
[PlyCount "66"]
[EventDate "2016.05.07"]
[EventType "tourn"]
[EventRounds "9"]
[EventCountry "HUN"]
[EventCategory "1"]
[SourceTitle "CBM 172 Extra"]
[Source "ChessBase"]
[SourceDate "2016.06.21"]
[SourceVersion "1"]
[SourceVersionDate "2016.06.21"]
[SourceQuality "1"]

1. e4 e6 2. d4 d5 3. Nc3 Nf6 4. e5 Nfd7 5. f4 c5 6. Nf3 Nc6 7. Be3 Be7 8. Qd2 0-0 9. dxc5 Nxc5 10. 0-0-0 a6 11. Nd4 Qc7 12. Kb1 b5 13. Nxc6 Qxc6 14. Bd3 f6 15. Bd4 f5 16. g4 Nxd3 17. cxd3 fxg4 18. Rdg1 Bd7 19. Rxg4 Be8 20. Rhg1 Bg6 21. Ne2 Rf7 22. Rc1 Qb7 23. Rgg1 b4 24. Qe3 Rff8 25. Bc5 Bxc5 26. Rxc5 Rac8 27. Rxc8 Rxc8 28. Rc1 Rxc1+ 29. Kxc1 Qc7+ 30. Kd2 Qa5 31. Kd1 Qxa2 32. Qb6 Qb1+ 33. Nc1 Bh5+ 0-1

[Event "Groningen Combinatie op"]
[Site "Groningen"]
[Date "2016.05.06"]
[Round "3"]
[White "Radnai, Adam"]
[Black "Meissner, Felix"]
[Result "1-0"]
[WhiteElo "2288"]
[BlackElo "2287"]
[PlyCount "75"]
[EventDate "2016.05.05"]
[EventType "swiss"]
[EventRounds "7"]
[EventCountry "NED"]
[SourceTitle "CBM 172 Extra"]
[Source "ChessBase"]
[SourceDate "2016.06.21"]
[SourceVersion "1"]
[SourceVersionDate "2016.06.21"]
[SourceQuality "1"]

1. d4 g6 2. e4 Bg7 3. Nc3 d6 4. Nf3 a6 5. Be2 b5 6. a4 b4 7. Nd5 Bb7 8. Nxb4 Bxe4 9. 0-0 Nf6 10. Nd2 Bb7 11. Bf3 c6 12. a5 Nd5 13. Nxd5 cxd5 14. c4 Bxd4 15. Qb3 Bc6 16. cxd5 Bb5 17. Be2 Qd7 18. Nc4 Qa7 19. Nb6 Bxe2 20. Qa4+ Bb5 21. Qxd4 f6 22. Rd1 Nd7 23. Nxa8 Qxa8 24. Re1 Kf7 25. Ra3 Re8 26. Rh3 h5 27. b4 Rc8 28. Qe4 Ne5 29. f4 Rxc1 30. Rxc1 Qa7+ 31. Qe3 Qxe3+ 32. Rxe3 Nd3 33. Rxd3 Bxd3 34. Rc8 f5 35. Rb8 Bc4 36. b5 axb5 37. a6 b4 38. a7 1-0

[Event "Budapest FS04 GM"]
[Site "Budapest"]
[Date "2016.04.11"]
[Round "8"]
[White "Pacher, Milan"]
[Black "Radnai, Adam"]
[Result "1-0"]
[WhiteElo "2502"]
[BlackElo "2293"]
[PlyCount "47"]
[EventDate "2016.04.02"]
[EventType "tourn"]
[EventRounds "9"]
[EventCountry "HUN"]
[EventCategory "7"]
[SourceTitle "CBM 171 Extra"]
[Source "ChessBase"]
[SourceDate "2016.04.26"]
[SourceVersion "1"]
[SourceVersionDate "2016.04.26"]
[SourceQuality "1"]

1. e4 c5 2. Nf3 Nc6 3. d4 cxd4 4. Nxd4 Nf6 5. Nc3 e5 6. Ndb5 d6 7. Bg5 a6 8. Na3 Rb8 9. Bxf6 gxf6 10. Nc4 f5 11. exf5 Bxf5 12. Ne3 Be6 13. Bc4 b5 14. Bxe6 fxe6 15. Qh5+ Kd7 16. 0-0-0 Qe8 17. Qh3 Kc7 18. Rhe1 Qg6 19. f4 Qh6 20. Qg4 exf4 21. Ned5+ exd5 22. Nxd5+ Kd8 23. Re6 Qg7 24. Rxd6+ 1-0

[Event "Budapest FS04 GM"]
[Site "Budapest"]
[Date "2016.04.10"]
[Round "7"]
[White "Radnai, Adam"]
[Black "Pavlovic, Milos"]
[Result "0-1"]
[WhiteElo "2293"]
[BlackElo "2469"]
[PlyCount "110"]
[EventDate "2016.04.02"]
[EventType "tourn"]
[EventRounds "9"]
[EventCountry "HUN"]
[EventCategory "7"]
[SourceTitle "CBM 171 Extra"]
[Source "ChessBase"]
[SourceDate "2016.04.26"]
[SourceVersion "1"]
[SourceVersionDate "2016.04.26"]
[SourceQuality "1"]

1. e4 c5 2. c3 e6 3. Nf3 d5 4. Bb5+ Bd7 5. Bxd7+ Qxd7 6. exd5 Qxd5 7. d4 cxd4 8. Qxd4 Nf6 9. 0-0 Nc6 10. Qxd5 Nxd5 11. Nbd2 0-0-0 12. Nc4 f6 13. a4 e5 14. Re1 Be7 15. g3 Rd7 16. Nh4 Rhd8 17. Kf1 Bf8 18. a5 Rc7 19. Ne3 g6 20. f4 Rcd7 21. Nhg2 exf4 22. gxf4 Bh6 23. Nc4 Nce7 24. Kf2 Nf5 25. Kf3 Kc7 26. Re6 Ng7 27. Re4 Re7 28. Rxe7+ Nxe7 29. Be3 Nc6 30. b4 Nf5 31. b5 Nxe3 32. Ngxe3 Ne7 33. Rf1 Rd3 34. Rc1 Nd5 35. Ke4 Nxf4 36. Rf1 f5+ 37. Ke5 Rxc3 38. Rxf4 Bxf4+ 39. Kxf4 Kd7 40. h4 Ke6 41. b6 axb6 42. axb6 h6 43. Na5 g5+ 44. hxg5 hxg5+ 45. Kxg5 Rxe3 46. Nxb7 Rg3+ 47. Kf4 Rg4+ 48. Ke3 Rb4 49. Nc5+ Kd6 50. Nd3 Rxb6 51. Kf4 Rb3 52. Nc1 Rb5 53. Nd3 Ke6 54. Nf2 Kf6 55. Ke3 Ke5 0-1

[Event "Budapest FS04 GM"]
[Site "Budapest"]
[Date "2016.04.09"]
[Round "6"]
[White "Stella, Andrea"]
[Black "Radnai, Adam"]
[Result "1-0"]
[WhiteElo "2419"]
[BlackElo "2293"]
[PlyCount "107"]
[EventDate "2016.04.02"]
[EventType "tourn"]
[EventRounds "9"]
[EventCountry "HUN"]
[EventCategory "7"]
[SourceTitle "CBM 171 Extra"]
[Source "ChessBase"]
[SourceDate "2016.04.26"]
[SourceVersion "1"]
[SourceVersionDate "2016.04.26"]
[SourceQuality "1"]

1. Nf3 d5 2. c4 c6 3. e3 Nf6 4. Nc3 g6 5. d4 Bg7 6. Be2 0-0 7. 0-0 Be6 8. b3 Ne4 9. Bb2 Nxc3 10. Bxc3 Bg4 11. h3 Bxf3 12. Bxf3 e6 13. Rb1 Nd7 14. Qc2 Rc8 15. Rfd1 f5 16. Bb4 Rf7 17. Bd6 Nf6 18. c5 h5 19. Qe2 b5 20. b4 a5 21. a4 Rb7 22. bxa5 Qxa5 23. axb5 cxb5 24. Qb2 Ne8 25. Bg3 Rxc5 26. Rd3 Qd8 27. Rb3 h4 28. Bh2 Qc8 29. Bd1 Qc6 30. Bf4 Bf6 31. Qa2 Rc4 32. Be2 g5 33. Bh2 Rc2 34. R3b2 Rc1+ 35. Bf1 f4 36. Rxc1 Qxc1 37. Rc2 Qd1 38. Rc8 Re7 39. exf4 Bxd4 40. Qa3 Qe1 41. Qf3 Kg7 42. Rc2 b4 43. Qd3 Qe4 44. Qd1 Bc3 45. fxg5 Ra7 46. Rc1 Ra2 47. Qh5 Ra8 48. Bb5 Qg6 49. Qxh4 Rc8 50. Bf4 Rc5 51. Qh6+ Qxh6 52. gxh6+ Kf7 53. Bxe8+ Kxe8 54. Rxc3 1-0

[Event "HUN-chT2 Charousek 1516"]
[Site "Hungary"]
[Date "2016.04.03"]
[Round "8.2"]
[White "Paschall, William M"]
[Black "Radnai, Adam"]
[Result "1-0"]
[WhiteElo "2377"]
[BlackElo "2312"]
[PlyCount "101"]
[EventDate "2015.10.18"]
[EventType "team-tourn"]
[EventRounds "9"]
[EventCountry "HUN"]
[SourceTitle "EXT 2017"]
[Source "ChessBase"]
[SourceDate "2016.10.25"]
[SourceVersion "1"]
[SourceVersionDate "2016.10.25"]
[SourceQuality "1"]
[WhiteTeam "Hobagoly"]
[BlackTeam "Budapest MTK"]
[WhiteTeamCountry "HUN"]
[BlackTeamCountry "HUN"]

1. Nf3 d5 2. g3 Nf6 3. Bg2 c6 4. 0-0 Bg4 5. c4 e6 6. Qb3 Qb6 7. d3 Nbd7 8. cxd5 exd5 9. Qc2 Bd6 10. Nc3 0-0 11. e4 dxe4 12. dxe4 Qa5 13. h3 Bxf3 14. Bxf3 Rad8 15. Bg2 Bc5 16. Bd2 Qc7 17. Bf4 Ne5 18. Qe2 Bd4 19. Rac1 Qa5 20. Kh2 Ng6 21. Bd2 Qb6 22. b3 Rfe8 23. f4 Nf8 24. e5 Bxc3 25. Rxc3 Nd5 26. Rc2 Ne6 27. Qf2 Nd4 28. Rc4 Nf5 29. Re4 Nde7 30. g4 Qxf2 31. Rxf2 Nh4 32. Bh1 Rd3 33. Re3 Red8 34. Rxd3 Rxd3 35. Be4 Rd4 36. Re2 g5 37. Kg3 Nd5 38. fxg5 Ng6 39. h4 Nxe5 40. Bb1 Kf8 41. Bc1 Nd3 42. Ba3+ c5 43. Rd2 N3b4 44. Rxd4 cxd4 45. Bxh7 a5 46. Bb2 d3 47. Kf3 d2 48. Ke2 Nxa2 49. Kxd2 Nf4 50. h5 Nb4 51. Be4 1-0

[Event "Budapest FS04 GM"]
[Site "Budapest"]
[Date "2016.04.02"]
[Round "1"]
[White "Radnai, Adam"]
[Black "Martins, David Pires Tavares"]
[Result "1-0"]
[WhiteElo "2293"]
[BlackElo "2407"]
[PlyCount "71"]
[EventDate "2016.04.02"]
[EventType "tourn"]
[EventRounds "9"]
[EventCountry "HUN"]
[EventCategory "7"]
[SourceTitle "CBM 171 Extra"]
[Source "ChessBase"]
[SourceDate "2016.04.26"]
[SourceVersion "1"]
[SourceVersionDate "2016.04.26"]
[SourceQuality "1"]

1. Nf3 f5 2. e4 fxe4 3. Ng5 Nf6 4. d3 e3 5. Bxe3 d5 6. d4 Bf5 7. Bd3 Qd7 8. 0-0 Nc6 9. Re1 h6 10. Nf3 Bxd3 11. Qxd3 e6 12. Bf4 0-0-0 13. Nbd2 Nh5 14. Be5 Qf7 15. Re3 Rg8 16. Qh7 Bd6 17. c3 Nf4 18. Bxf4 Bxf4 19. Re2 Qf6 20. Rae1 Rge8 21. Qd3 g5 22. Nb3 e5 23. Nc5 a6 24. dxe5 Nxe5 25. Nxe5 Rxe5 26. Rxe5 Bxe5 27. Qh3+ Kb8 28. Nd7+ Rxd7 29. Qxd7 Bd6 30. Qe6 Qf4 31. g3 Qc4 32. a3 Qb3 33. Re2 Qd1+ 34. Kg2 Bc5 35. Re1 Qd2 36. Qe2 1-0